| 000 | 02504cam a2200649 a 4500 | ||
|---|---|---|---|
| 001 | 21145 | ||
| 003 | VRT | ||
| 005 | 20260217154904.0 | ||
| 008 | 240226s1957 xo g 000 p slo | ||
| 015 | _aSNBA1957/09-01332 | ||
| 020 | _qviazané | ||
| 035 | _aSNK000281996 | ||
| 035 | _aurn:nbn:sk:snk-am3idso | ||
| 035 | _aurn:nbn:sk:snk-am00e68p | ||
| 035 | _aFD4124F1-A0DB-444C-835F-4485D4E9CD3C | ||
| 039 | 9 |
_a202402261842 _bVLOAD _c202304031946 _dVLOAD _c202212050946 _dVLOAD _c202205110845 _dVLOAD |
|
| 040 |
_aSNK _bslo _cSNK _eAACR2 |
||
| 041 | 0 | _aslo | |
| 044 |
_axo _cSK |
||
| 080 |
_a821.162.4-1 _22011 |
||
| 100 | 1 |
_aHollý, Ján, _d1785-1849 _4aut |
|
| 245 | 1 | 0 |
_aNa slovenský národ _b(Selanky, Rozličné básne, Žalospevy a Pesne) _cJán Hollý ; [úprava textu, poznámky, vysvetlivky a slovník Jozef Ambruš ; úvod Karol Rosenbaum] |
| 250 | _a1. vyd., v tejto edícii | ||
| 260 |
_aBratislava _bSlovenské vydavateľstvo krásnej literatúry _c1957 |
||
| 300 |
_a280 s. _c8° |
||
| 366 | _e25400 výtl. | ||
| 490 | 1 |
_aHviezdoslavova knižnica _vzv. 38 |
|
| 500 | _aVydala Hviezdoslavova spoločnosť v Slovenskom vydavateľstve krásnej literatúry | ||
| 504 | _aEdičná poznámka; vysvetlivky; slovník | ||
| 655 | 7 |
_aslovenská poézia _2SNKPH |
|
| 655 | 7 |
_avýbery _2SNKPH |
|
| 700 | 1 |
_aRosenbaum, Karol, _d1920-2001 _4aui |
|
| 700 | 1 |
_aAmbruš, Jozef, _d1914-1993 _4adp |
|
| 700 | 1 |
_aAmbrušová, Edita, _d1920-2015 _4ill |
|
| 710 | 2 |
_aHviezdoslavova spoločnosť _4com _4pbl |
|
| 740 | 0 | 2 | _aSelanky |
| 740 | 0 | 2 | _aRozličné básne |
| 740 | 0 | 2 | _aŽalospevy |
| 740 | 0 | 2 | _aPesne |
| 830 | 0 | _aHviezdoslavova knižnica | |
| 910 | _asnk | ||
| 942 |
_2ddc _cKLDO _n0 |
||
| 949 |
_63869A05133 _abpksh885.4-82 _bbpksh46690 |
||
| 949 |
_63869A05134 _abpksh885.4-82 _bbpksh20242 |
||
| 949 |
_6273K0340219 _asvkpoA 23788 _bsvkpo57034 |
||
| 949 |
_62889020949 _asavukA 25625 |
||
| 949 |
_6273K0253010 _asvkpoA 150180 _bsvkpo367694 |
||
| 949 |
_63830001011716 _akurukT18/HOLL1-4 _bkuruk2007/F1293 |
||
| 949 |
_63830001009796 _akurukSK-3927 |
||
| 949 |
_6273K0193703 _asvkpoA 163327 _bsvkpo403256 |
||
| 949 |
_617A0136787 _asnkSD 6564/38 D1 _bsnkKSP 2360/57 |
||
| 949 |
_63830001013635 _akurukT18/HOLL1-4 _bkuruk2007/F462 |
||
| 949 |
_6273K0345572 _asvkpoA 21847 _bsvkpo51612 _rPoškodená väzba |
||
| 949 |
_617A0912491 _asnkSD 6564/38 _bsnkKSP 2359/57 _s6100:20190328 |
||
| 949 |
_6270001000525523 _asvkbbS 16781 _bsvkbbm 40507 |
||
| 999 |
_c21145 _d21145 |
||